النسبية : (Record no. 12544)

MARC details
000 -الفاتح
حقل البيانات ثابتة الطول 01699nam a22003617i 4500
003 - محدد رقم الضبط
رقم الضبط EG-ScBUE
005 - وقت وتاريخ اخر تعامل مع التسجيلة
رقم الضبط 20260510125335.0
008 - عناصر البيانات ثابتة الطول - معلومات عامة
حقل البيانات ثابتة الطول 090806s2003 ua fr 000 0 ara d
017 ## - رقم الإيداع القانونى
رقم الإيداع القانونى 2003 / 10876
020 ## - الرقم الدولى المعيارى للكتب
الرقم الدولى المعيارى للكتاب 9770185671
040 ## - مصدر الفهرسة
وكالة الفهرسة الأصلية EG-ScBUE
لغة الفهرسة ara
قواعد الوصف rda
وكالة النسخ EG-ScBUE
وكالة التعديل EG-ScBUE
041 1# - رمز اللغة
رمز لغة النص/ المسارات الصوتية أو العنوان الانفرادي ara
رمز لغة الترجمات و/او الاصلية المتوسطة للنص eng
082 04 - رقم تصنيف ديوى العشرى
رقم التصنيف 530.11
رقم المادة أ ي ن
رقم الطبعة 22
100 1# - المدخل الرئيسى - إسم شخصى
الإسم الشخصى أينشتين، ألبرت،
التواريخ المصاحبة للاسم 1879-1955،
الدور مؤلف.
245 12 - بيان العنوان
العنوان النسبية :
بقية العنوان النظرية الخاصة والعامة /
بيان المسئوليه,etc تأليف ألبرت أينشتين ؛ تقديم محمود أحمد الشربيني ؛ ترجمة د. رمسيس شحاتة ؛ مراجعة د. محمد مرسى أحمد ؛ إعداد وتحرير د. سمير سرحان، د. محمد عناني.
246 34 - العنوان الموازى
عنوان صحيح/عنوان مختصر نظرية النسبية
264 #1 - النشر، التوزيع
مكان الناشر او الموزع القاهرة :
اسم الناشر او الموزع الهيئة المصرية العامة للكتاب،
تاريخ النشر أو التوزيع 2003.
300 ## - الوصف المادى
التعداد 233 صفحة ؛
أبعاد الوعاء 19 سم.
336 ## - نوع المحتوى
source rdacontent
Carrier Type Term text
Content Type Code txt
337 ## - نوع الوسيط
Media Type Term unmediated
source rdamedia
Media Type Code n
338 ## - نوع الحامل أو الناقل
Carrier Type Term volume
Carrier Type Code nc
source rdacarrier
490 0# - بيان السلسلة
عنوان السلسلة مكتبة الأسرة.
-- سلسلة أمهات الكتب
500 ## - تبصرة عامة
تبصرة عامة يشتمل على ملاحق.
546 ## - تبصرة اللغة
تبصرة اللغة النص باللغة الإنجليزية ؛ وقد تم ترجمته إلى العربية.
650 #7 - المدخل الاضافى بالموضوع-مصطلح موضوعى
9 (RLIN) 8376
مصطلح موضوعي أو اسم جغرافي كعنصر مدخل النسبية.
مصدر الرأس أو المصطلح BUEsh
655 ## - مصطلح تكشيفى-نوع/شكل
التقسيم الفرعي الشكلي Reading book
700 1# - المدخل الاضافى - اسم شخصى
الإسم الشخصى الشربيني، محمود أحمد،
التواريخ المصاحبة للاسم 1909-1998،
الدور مقدم.
700 1# - المدخل الاضافى - اسم شخصى
الإسم الشخصى شحاتة، رمسيس،
الدور مترجم.
700 1# - المدخل الاضافى - اسم شخصى
الإسم الشخصى أحمد، محمد مرسي،
الدور مراجع.
700 1# - المدخل الاضافى - اسم شخصى
الإسم الشخصى سرحان، سمير،
التواريخ المصاحبة للاسم 1941-2006،
الدور معد،
-- محرر.
700 1# - المدخل الاضافى - اسم شخصى
الإسم الشخصى عناني، محمد،
التواريخ المصاحبة للاسم 1939-
الدور معد،
-- محرر.
942 ## - عناصر المدخل الإضافي( كوها)
مصدر التصنيف او مخطط الترفيف Dewey Decimal Classification
Koha [default] item type Book - Borrowing
Holdings
حالة التراجع حالة الفقد مصدر التصنيف او خطة الترفيف حالة تلف ليس للاعارة مجموعات كوها المكان الدائم المكان الحالي موقع الترفيف تاريخ الاكتساب Source of acquisition رقم الاستدعاء الباركود Date last seen مُعار نوع الوعاء
    Dewey Decimal Classification     Alef-Baa Central Library Central Library First floor 06/08/2009 Purchase 530.11 أ ي ن 000017845 15/07/2025 19/05/2015 Book - Borrowing
    Dewey Decimal Classification     Alef-Baa Central Library Central Library First floor 06/08/2009 Purchase 530.11 أ ي ن 000017846 15/07/2025 24/09/2017 Book - Borrowing